[Event "POL-chT U20 1st League"]
[Site "Szczyrk"]
[Date "2017.07.29"]
[Round "8.22"]
[White "Zniszczol, Wiktoria"]
[Black "Czernek, Tymon"]
[Result "0-1"]
[WhiteElo "1389"]
[BlackElo "2084"]
[PlyCount "86"]
[EventDate "2017.07.22"]
[EventType "team-tourn"]
[EventRounds "9"]
[EventCountry "POL"]
[SourceTitle "EXT 2019"]
[Source "ChessBase"]
[SourceDate "2018.10.10"]
[SourceVersion "1"]
[SourceVersionDate "2018.10.10"]
[SourceQuality "1"]

1. e4 c5 2. Nf3 d6 3. d4 cxd4 4. Nxd4 Nf6 5. Nc3 a6 6. Nb3 Nbd7 7. a4 g6 8. Bd3 Bg7 9. 0-0 0-0 10. Be3 Ne5 11. Be2 b6 12. h3 Bb7 13. f4 Ned7 14. Bf3 Rc8 15. Kh1 Rxc3 16. bxc3 Nxe4 17. Bxe4 Bxe4 18. Nd4 Qc8 19. Qd2 Nf6 20. Rab1 Qxh3+ 21. Kg1 Bxg2 22. Qxg2 Qxe3+ 23. Kh1 Qxc3 24. Nf3 Nh5 25. f5 Qe3 26. Rbe1 Qf4 27. Kg1 Ng3 28. Rf2 Nxf5 29. Rfe2 Qxa4 30. Re4 Qc6 31. Qh2 Qc5+ 32. Kh1 Qc3 33. Qg2 Be5 34. Rg4 Ne3 35. Rxe3 Qxe3 36. Nxe5 Qe1+ 37. Kh2 Qxe5+ 38. Rg3 Rc8 39. Kg1 Qc5+ 40. Kh1 Qh5+ 41. Kg1 Qd1+ 42. Qf1 Qxf1+ 43. Kxf1 Rxc2 0-1

[Event "POL-chT U20 1st League"]
[Site "Szczyrk"]
[Date "2017.07.27"]
[Round "6.16"]
[White "Zniszczol, Wiktoria"]
[Black "Kucharski, Bartlomiej"]
[Result "1-0"]
[WhiteElo "1389"]
[BlackElo "1644"]
[PlyCount "157"]
[EventDate "2017.07.22"]
[EventType "team-tourn"]
[EventRounds "9"]
[EventCountry "POL"]
[SourceTitle "EXT 2019"]
[Source "ChessBase"]
[SourceDate "2018.10.10"]
[SourceVersion "1"]
[SourceVersionDate "2018.10.10"]
[SourceQuality "1"]

1. d4 d5 2. Nc3 Nf6 3. f3 e6 4. Bg5 Be7 5. Qd2 0-0 6. e3 c5 7. Bxf6 Bxf6 8. dxc5 Qa5 9. Nb5 Qxd2+ 10. Kxd2 Nd7 11. c3 Nxc5 12. Ne2 Bd7 13. Na3 b5 14. Nc2 Rfc8 15. Nc1 Na4 16. Nd4 Bxd4 17. cxd4 Nxb2 18. Rb1 Nc4+ 19. Bxc4 bxc4 20. Kc3 Rab8 21. Ne2 Kf8 22. Nf4 Ke7 23. e4 Kd6 24. Nh5 Rb6 25. Rxb6+ axb6 26. Ng3 Ra8 27. Kb2 g6 28. Ne2 b5 29. a3 f6 30. Nc3 Bc6 31. Re1 Rb8 32. exd5 exd5 33. Na2 Re8 34. Rxe8 Bxe8 35. Kc3 Ke6 36. Kd2 Kf5 37. Nc3 Bc6 38. Ke3 h5 39. h4 g5 40. g3 Ke6 41. Na2 Bd7 42. Kd2 Kd6 43. Kc3 Ke6 44. Kd2 Bc6 45. Ke3 Be8 46. Kd2 Kd6 47. Kc3 Kc6 48. Kb4 Kd6 49. Kc3 f5 50. f4 g4 51. Kb4 Bd7 52. Nc3 Bc6 53. Ka5 Be8 54. Kb6 Bc6 55. Nd1 Be8 56. Ka5 Kc6 57. Ka6 Bd7 58. Nc3 Kd6 59. Kb6 Bc6 60. Nd1 Be8 61. Ka6 Bc6 62. Ne3 Bd7 63. Kb6 c3 64. Ka5 Kc6 65. Kb4 Be6 66. Kxc3 Kc7 67. Kb4 Kb6 68. Nc2 Bc8 69. Ne1 Be6 70. Nd3 Bd7 71. Nc5 Bc8 72. a4 bxa4 73. Kxa4 Kc6 74. Ka5 Kc7 75. Kb5 Kd6 76. Kb6 Bd7 77. Nxd7 Kxd7 78. Kc5 Ke6 79. Kc6 1-0

[Event "Liptovsky Mikulas V4 U15 op"]
[Site "Liptovsky Mikulas"]
[Date "2017.06.25"]
[Round "9"]
[White "Zniszczol, Wiktoria"]
[Black "Petrek, David"]
[Result "1-0"]
[WhiteElo "1478"]
[BlackElo "1561"]
[PlyCount "63"]
[EventDate "2017.06.21"]
[EventType "swiss"]
[EventRounds "9"]
[EventCountry "SVK"]
[SourceTitle "CBM 179 Extra"]
[Source "ChessBase"]
[SourceDate "2017.08.23"]
[SourceVersion "1"]
[SourceVersionDate "2017.08.23"]
[SourceQuality "1"]

1. d4 d5 2. Nc3 Nf6 3. f3 Bf5 4. g4 Bg6 5. h4 h6 6. Nh3 Nc6 7. Nf4 Bh7 8. g5 hxg5 9. hxg5 Nd7 10. g6 fxg6 11. Nxg6 Bxg6 12. Rxh8 Nf6 13. Rh1 Qd7 14. Bh3 Bf5 15. Bxf5 Qxf5 16. a3 0-0-0 17. Be3 e5 18. Bf2 g5 19. Qd2 g4 20. 0-0-0 gxf3 21. exf3 Qxf3 22. dxe5 Nxe5 23. Bd4 Nc4 24. Qd3 Qf4+ 25. Kb1 Qd6 26. Nb5 Qa6 27. Qf5+ Nd7 28. Qxd5 Ndb6 29. Qf5+ Kb8 30. Bxb6 Rxd1+ 31. Rxd1 Nxb6 32. Rd8+ 1-0

[Event "Liptovsky Mikulas V4 U15 op"]
[Site "Liptovsky Mikulas"]
[Date "2017.06.23"]
[Round "5"]
[White "Zniszczol, Wiktoria"]
[Black "Bobro, Jan"]
[Result "0-1"]
[WhiteElo "1478"]
[BlackElo "1563"]
[PlyCount "70"]
[EventDate "2017.06.21"]
[EventType "swiss"]
[EventRounds "9"]
[EventCountry "SVK"]
[SourceTitle "CBM 179 Extra"]
[Source "ChessBase"]
[SourceDate "2017.08.23"]
[SourceVersion "1"]
[SourceVersionDate "2017.08.23"]
[SourceQuality "1"]

1. d4 d5 2. Nc3 Nf6 3. f3 Nc6 4. Be3 Bf5 5. g4 Bg6 6. h4 h6 7. Nh3 Nb4 8. Rc1 e6 9. a3 Nc6 10. Bg2 Bd6 11. Bf4 a6 12. e3 Qe7 13. b4 e5 14. dxe5 Bxe5 15. Qd2 d4 16. Ne2 0-0-0 17. e4 Nd7 18. Nf2 Nb6 19. Qd3 f6 20. Rb1 Bf7 21. Qd1 Bc4 22. Nd3 Bb5 23. Kf2 Nc4 24. Bh3 Kb8 25. Bc1 g5 26. h5 Qd6 27. Nc5 b6 28. a4 bxc5 29. axb5 axb5 30. bxc5 Qxc5 31. Ke1 Rd7 32. Qd3 Nb4 33. Qb3 Bd6 34. Ra1 c6 35. Bf1 Ne5 0-1

[Event "POL Olympiad U14 Girls"]
[Site "Drzonkow"]
[Date "2017.04.06"]
[Round "6"]
[White "Chomicka, Kinga"]
[Black "Zniszczol, Wiktoria"]
[Result "1-0"]
[WhiteElo "1254"]
[BlackElo "1584"]
[PlyCount "59"]
[EventDate "2017.04.02"]
[EventType "swiss"]
[EventRounds "9"]
[EventCountry "POL"]
[SourceTitle "EXT 2020"]
[Source "ChessBase"]
[SourceDate "2019.10.17"]
[SourceVersion "1"]
[SourceVersionDate "2019.10.17"]
[SourceQuality "1"]

1. e4 e5 2. Nf3 Nc6 3. Bc4 Bc5 4. c3 Nf6 5. d3 d6 6. 0-0 Bg4 7. h3 Bh5 8. Nbd2 0-0 9. Re1 h6 10. Nf1 Nh7 11. Ng3 Bg6 12. Bb3 Kh8 13. d4 exd4 14. cxd4 Bb6 15. Bf4 Qf6 16. Be3 Rfe8 17. Bc2 Nf8 18. a3 Rad8 19. Qd2 Bh7 20. Nh5 Qg6 21. g4 d5 22. Nh4 Qd6 23. Bf4 Qe7 24. Nf5 Bxf5 25. exf5 Qh4 26. Bxh6 Nh7 27. Bxg7+ Kg8 28. Qh6 Bxd4 29. Bxd4 Qg5 30. Nf6+ 1-0

[Event "Budapest Gyorgy Memorial 1st"]
[Site "Budapest"]
[Date "2016.11.13"]
[Round "6.3"]
[White "Zniszczol, Wiktoria"]
[Black "Stankovic, Milos M"]
[Result "0-1"]
[WhiteElo "1397"]
[BlackElo "1816"]
[PlyCount "102"]
[EventDate "2016.11.10"]
[EventType "swiss"]
[EventRounds "7"]
[EventCountry "HUN"]
[SourceTitle "EXT 2018"]
[Source "ChessBase"]
[SourceDate "2017.10.13"]
[SourceVersion "1"]
[SourceVersionDate "2017.10.13"]
[SourceQuality "1"]

1. d4 Nf6 2. c4 d6 3. f3 e5 4. dxe5 dxe5 5. Qxd8+ Kxd8 6. e4 Be6 7. Be3 Nbd7 8. Nd2 Bb4 9. 0-0-0 Ke7 10. Nb3 b6 11. a3 Bd6 12. Bd3 a5 13. Ne2 a4 14. Na1 Bc5 15. Bd2 Bd6 16. Nc2 Nc5 17. Bb4 Nxd3+ 18. Rxd3 Bxb4 19. Nxb4 Bxc4 20. Nc6+ Ke6 21. Rd2 Bb5 22. Ncd4+ exd4 23. Nxd4+ Kd6 24. Nxb5+ Kc6 25. Nd4+ Kb7 26. Rhd1 g6 27. Nb5 Kc6 28. Nc3 Rhe8 29. Rc2 Kb7 30. Nb5 Rac8 31. Rd4 Re5 32. Nc3 b5 33. Rb4 Ka6 34. Nxa4 c5 35. f4 Rh5 36. Rd4 cxd4 37. Rxc8 Nxe4 38. Re8 Nd6 39. Rd8 Rd5 40. Rxd6+ Rxd6 41. Nc5+ Kb6 42. Ne4 Re6 43. Ng3 Re1+ 44. Kd2 Rg1 45. Kd3 Rxg2 46. Kxd4 Rxh2 47. Ne4 h5 48. Ng5 h4 49. Nxf7 h3 50. Ng5 Rd2+ 51. Ke3 Rxb2 0-1